000 01079nam a2200289Ia 4500
003 OSt
005 20221005105600.0
006 a|||||r|||| 00| 0
007 ta
008 221004b |||||||| |||| 00| 0 hin d
020 _a8171198465 (hbk)
_c160
024 _a97241
037 _b578, 23/03/2009, Vani Prakashan
_cTextual
040 _aCRL
_cCRL
_bhin
041 _2hin
_ahin
082 _a4,2, 152P3
100 _aदीक्षित, कमल
245 0 _aसमाचार सम्पादन
246 _aSamāchār sampādana
260 _aनई दिल्ली
_bराधाकृष्ण भारत
_c2003
300 _a143पृ0
_ccm.
650 _aहिन्दी पत्रकारिता
700 _a महेश दर्पण
700 _a जोशी, रामशरण, संपा.
942 _h4,2, 152P3
_cTEXL
_2cc
999 _c1016244
_d1016244